IMPORTANCIA DE LA IMPLEMENTACION DE ESTRATEGIAS METODOLOGICAS EN LOS ESTUDIANTES DEL SEGUNDO CICLO EN LOS CENTROS EDUCATIVOS DEL NIVEL BASICO EN LAS ESCUELAS DE LA ZONA URBANA DEL DISTRITO EDUCATIVO 18 03 JARAGUA (Record no. 389)
[ view plain ]
| 000 -LEADER | |
|---|---|
| campo de control de longitud fija | 00918nam a22001937a 4500 |
| 001 - NÚMERO DE CONTROL | |
| campo de control | 1436 |
| 005 - FECHA Y HORA DE LA ÚLTIMA TRANSACCIÓN | |
| campo de control | 20250522045537.0 |
| 008 - DATOS DE LONGITUD FIJA--INFORMACIÓN GENERAL | |
| campo de control de longitud fija | 5230202009 dr a |
| 090 ## - LOCALMENTE ASIGNADO TIPO-LC NÚMERO DE CLASIFICACIÓN (OCLC); NÚMERO DE CLASIFICACIÓN LOCAL (RLIN) | |
| Número de clasificación (OCLC) (R) ; Numero de clasificación, CALL (RLIN) (NR) | EDU 2009-039 |
| 100 ## - ENTRADA PRINCIPAL--NOMBRE DE PERSONA | |
| Nombre de persona | FERRERAS BATISTA, EMILIA |
| 245 ## - MENCIÓN DEL TÍTULO | |
| Título | IMPORTANCIA DE LA IMPLEMENTACION DE ESTRATEGIAS METODOLOGICAS EN LOS ESTUDIANTES DEL SEGUNDO CICLO EN LOS CENTROS EDUCATIVOS DEL NIVEL BASICO EN LAS ESCUELAS DE LA ZONA URBANA DEL DISTRITO EDUCATIVO 18 03 JARAGUA |
| Mención de responsabilidad, etc. | Emilia Ferreras Batista, Claribel Ferreras Medina, Patria Ferreras Segura |
| 260 ## - PUBLICACIÓN, DISTRIBUCIÓN, ETC. | |
| Lugar de publicación, distribución, etc. | Barahona : |
| Nombre del editor, distribuidor, etc. | UNIVERSIDAD CATOLICA TECNOLOGICA DE BARAHONA |
| 300 ## - DESCRIPCIÓN FÍSICA | |
| Extensión | iii, 133, [12]h : il / 28 Cm |
| Otros detalles físicos | il. |
| 502 ## - NOTA DE TESIS | |
| Nota de tesis | Tesis |
| 504 ## - NOTA DE BIBLIOGRAFÍA, ETC. | |
| Nota de bibliografía, etc. Nota | Incluye Bibliografía |
| 650 ## - PUNTO DE ACCESO ADICIONAL DE MATERIA--TÉRMINO DE MATERIA | |
| Fuente del encabezamiento o término | 1.ESTRATEGIAS METODOLOGICAS EN ESTUDIANTES DEL SEGUNDO CICLO IMPORTANCIA DE LA IMPLEMENTACION |
| 700 ## - ENTRADA AGREGADA--NOMBRE PERSONAL | |
| Nombre de persona | I.FERRERAS MEDINA, CLARIBEL, COAUT |
| 700 ## - ENTRADA AGREGADA--NOMBRE PERSONAL | |
| Nombre de persona | II.FERRERAS SEGURA, PATRIA, COAUT |
| Estatus retirado | Estado de pérdida | Estado de daño | Restricciones de uso | No para préstamo | Colección | Biblioteca de origen | Biblioteca actual | Fecha de adquisición | Total de préstamos | Signatura topográfica completa | Código de barras | Visto por última vez | Copia número | Precio de reemplazo | Tipo de ítem Koha |
|---|---|---|---|---|---|---|---|---|---|---|---|---|---|---|---|
| Acervo general de Libros | Biblioteca Central Mons. Favio M. Rivas S. | Biblioteca Central Mons. Favio M. Rivas S. | 19/03/2013 | EDU 2009-039 | 000000000455 | 23/05/2025 | 1 | 23/05/2025 | Tesis |
